Fruit that remains / (Record no. 5993)

MARC details
000 -LEADER
fixed length control field 00550nam a22001937a 4500
003 - CONTROL NUMBER IDENTIFIER
control field GBCCL
005 - DATE AND TIME OF LATEST TRANSACTION
control field 20241126110553.0
008 - FIXED-LENGTH DATA ELEMENTS--GENERAL INFORMATION
fixed length control field 180419b ||||| |||| 00| 0 eng d
040 ## - CATALOGING SOURCE
Transcribing agency gbc
082 ## - DEWEY DECIMAL CLASSIFICATION NUMBER
Classification number 248.5
Item number FIS
100 ## - MAIN ENTRY--PERSONAL NAME
Personal name Fisk, C. W.
9 (RLIN) 10813
245 ## - TITLE STATEMENT
Title Fruit that remains /
Statement of responsibility, etc. C. W. Fisk
260 ## - PUBLICATION, DISTRIBUTION, ETC.
Place of publication, distribution, etc. Indiana:
Name of publisher, distributor, etc. First Baptist Church of Hammond,
Date of publication, distribution, etc. 1975
300 ## - PHYSICAL DESCRIPTION
Extent 70 p.;
Other physical details ill.,
Dimensions 22 cm.
650 ## - SUBJECT ADDED ENTRY--TOPICAL TERM
Topical term or geographic name entry element Evangelistic work
9 (RLIN) 290
650 ## - SUBJECT ADDED ENTRY--TOPICAL TERM
Topical term or geographic name entry element Witness bearing (Christianity)
9 (RLIN) 428
650 ## - SUBJECT ADDED ENTRY--TOPICAL TERM
Topical term or geographic name entry element Visitations (Church work)
9 (RLIN) 6684
942 ## - ADDED ENTRY ELEMENTS (KOHA)
Source of classification or shelving scheme Dewey Decimal Classification
Koha item type Books
Holdings
Withdrawn status Lost status Source of classification or shelving scheme Damaged status Not for loan Home library Current Library Shelving location Date acquired Total checkouts Full call number Barcode Date last seen Copy number Price effective from Koha item type
    Dewey Decimal Classification     GRACE BIBLE COLLEGE GRACE BIBLE COLLEGE Ministry & Mission 2018-04-19   248.5 FIS 008373 2025-05-01 c.1 2018-04-19 Books
© Grace Bible College Library 2025